Statistics for Where in the World am I? #1

Click here to take the quiz!

General Stats

  • This quiz has been taken 1,165 times
  • The average score is 7 of 10

Answers on the Map

Answers color-coded by a green-red scale on the quiz's map according to % correct below.
 

Answer Stats

Answer% Correct
London
98%
Mexico City
89%
Jakarta
78%
Canberra
77%
New Delhi
76%
Brasilia
74%
Panama City
67%
Rabat
67%
Tripoli
61%
Sarajevo
46%

Score Distribution

Percentile by Number Answered

Percent of People with Each Score

Your Score History

You have not taken this quiz